[Event "Geller Memorial"]
[Site "Moscow"]
[Date "1999.02.08"]
[Round "7.29"]
[White "Beshukov, Sergei"]
[Black "Gutov, Andrei"]
[Result "1/2-1/2"]
[WhiteElo "2511"]
[BlackElo "2345"]
[PlyCount "118"]
[EventDate "1999.02.02"]

1. e4 e5 2. Bc4 Nf6 3. d3 Nc6 4. Nf3 Be7 5. O-O O-O 6. Bb3 d6 7. c3 Na5 8. Bc2
c5 9. h3 Nc6 10. Re1 Re8 11. Nbd2 Bf8 12. Nf1 h6 13. Ng3 d5 14. exd5 Nxd5 15.
Ba4 Bd6 16. d4 exd4 17. Rxe8+ Qxe8 18. cxd4 c4 19. Bb5 c3 20. Qb3 cxb2 21. Bxb2
Be6 22. Ne4 Qf8 23. Nxd6 Qxd6 24. Bf1 Rc8 25. a3 Na5 26. Qb5 b6 27. Rc1 Rxc1
28. Bxc1 Qc6 29. Qxc6 Nxc6 30. Bd2 Kf8 31. Bb5 Nb8 32. Ne5 Ke7 33. Kf1 Kd6 34.
Ke2 f6 35. Nc4+ Ke7 36. Ne3 a6 37. Ba4 b5 38. Bd1 Nc6 39. Kd3 Kd6 40. h4 Nf4+
41. Kc3 g5 42. g3 Nd5+ 43. Nxd5 Bxd5 44. Be2 Be4 45. f3 Bf5 46. g4 Be6 47. Be1
Ne7 48. Bd3 Nd5+ 49. Kd2 Nf4 50. Be4 Bd5 51. Bg3 Kc6 52. hxg5 hxg5 53. Ke3 a5
54. Bxf4 gxf4+ 55. Kxf4 a4 56. Ke3 b4 57. Kd2 Bxe4 58. fxe4 b3 59. Kc3 Kd6
1/2-1/2

[Event "Geller Memorial"]
[Site "Moscow"]
[Date "1999.02.08"]
[Round "7.31"]
[White "Kosarev, Andrei M"]
[Black "Dragomarezkij, Evgeni"]
[Result "1/2-1/2"]
[WhiteElo "2345"]
[BlackElo "2486"]
[PlyCount "78"]
[EventDate "1999.02.02"]

1. d4 Nf6 2. c4 e6 3. Nc3 Bb4 4. e3 b6 5. Bd3 Bb7 6. Nf3 Ne4 7. Qc2 Bxc3+ 8.
bxc3 f5 9. O-O O-O 10. Nd2 Qh4 11. f3 Ng5 12. Nb3 Rf6 13. Qf2 Qh5 14. h4 Nf7
15. c5 d6 16. cxd6 cxd6 17. a4 g5 18. a5 gxh4 19. axb6 h3 20. g3 Ng5 21. Be2
axb6 22. Rxa8 Bxa8 23. Nd2 Nd7 24. Kh2 Qe8 25. Nc4 e5 26. Ba3 e4 27. Nxd6 Rxd6
28. Bxd6 exf3 29. Bc4+ Kg7 30. Qa2 Kg6 31. Bb5 Bb7 32. Bxd7 Qxd7 33. Qg8+ Kh5
34. Bf4 h6 35. Bxg5 hxg5 36. Qh8+ Kg6 37. Qg8+ Kh5 38. Qh8+ Kg6 39. Qg8+ Kh5
1/2-1/2

[Event "Geller Memorial"]
[Site "Moscow"]
[Date "1999.02.08"]
[Round "7.32"]
[White "Kuporosov, Viktor"]
[Black "Igriashvili, Zurab"]
[Result "1-0"]
[WhiteElo "2485"]
[BlackElo "2327"]
[PlyCount "94"]
[EventDate "1999.02.02"]

1. e4 e5 2. Nf3 Nc6 3. Bb5 a6 4. Ba4 Nf6 5. O-O b5 6. Bb3 Be7 7. Re1 d6 8. c3
Bg4 9. d3 a5 10. a4 b4 11. Nbd2 Rb8 12. Bc4 O-O 13. h3 Bh5 14. Nf1 bxc3 15.
bxc3 d5 16. exd5 Nxd5 17. Bd2 Nb6 18. Bb5 Na7 19. Rxe5 Bg6 20. Ba6 Bf6 21. Rxa5
Nc6 22. Rc5 Qd6 23. d4 Nd7 24. Rb5 Nxd4 25. cxd4 Qxa6 26. Rxb8 Rxb8 27. Bf4 Rc8
28. Rc1 c6 29. Ne5 Nxe5 30. Bxe5 Bg5 31. Rc3 f6 32. Bd6 Rd8 33. Bc5 Rb8 34. Rb3
Re8 35. Rb6 Qa5 36. Qb3+ Bf7 37. Qb4 Qa8 38. a5 Bf4 39. a6 Bd5 40. Ne3 Bxe3 41.
fxe3 f5 42. Qb2 Qa7 43. Qf2 Bc4 44. Qf3 Qd7 45. Rb7 Qc8 46. Qg3 g6 47. Qh4 Bf7
1-0

[Event "Geller Memorial"]
[Site "Moscow"]
[Date "1999.02.08"]
[Round "7.33"]
[White "Strukov, Robert"]
[Black "Reprintsev, Alexander"]
[Result "1/2-1/2"]
[WhiteElo "2325"]
[BlackElo "2470"]
[PlyCount "147"]
[EventDate "1999.02.02"]

1. e4 d5 2. exd5 Qxd5 3. Nc3 Qa5 4. d4 Nf6 5. Nf3 Ne4 6. Bd3 Nxc3 7. bxc3 g6 8.
O-O Bg7 9. Rb1 O-O 10. Re1 Nc6 11. h3 Qxa2 12. Bg5 e6 13. Qd2 Qd5 14. Rb5 Qd7
15. Bh6 Bxh6 16. Qxh6 f6 17. Bc4 Qg7 18. Qf4 Nd8 19. h4 a6 20. Rbb1 b5 21. Ba2
Kh8 22. c4 c6 23. c5 Ra7 24. Re3 Qc7 25. Qh6 Re8 26. Re4 Qg7 27. Qf4 Nf7 28.
Rbe1 Rae7 29. Qd2 g5 30. hxg5 Nxg5 31. Nxg5 Qxg5 32. f4 Qf5 33. Qf2 Rg7 34. Qf3
Reg8 35. Bxe6 Bxe6 36. Rxe6 Rxg2+ 37. Qxg2 Rxg2+ 38. Kxg2 Qg4+ 39. Kh1 Qxf4 40.
Re7 Qxd4 41. Rg1 Qd5+ 42. Rg2 Qh5+ 43. Rh2 Qd1+ 44. Kg2 Qxc2+ 45. Kg3 Qd3+ 46.
Kg2 Qd5+ 47. Kg3 Qg5+ 48. Kf3 Qf5+ 49. Kg3 Qd3+ 50. Kg2 b4 51. Rh3 Qc2+ 52. Kf1
Qf5+ 53. Kg2 h5 54. Rb7 Qe4+ 55. Kf2 Qf4+ 56. Rf3 Qd2+ 57. Kf1 a5 58. Rg3 Qc1+
59. Ke2 Qc2+ 60. Ke1 Qe4+ 61. Kd2 h4 62. Rd3 Qg2+ 63. Kd1 Qg1+ 64. Kd2 Qg8 65.
Rd4 Qg5+ 66. Ke2 f5 67. Rdd7 Qg8 68. Rd6 Qe8+ 69. Kf3 b3 70. Kf4 h3 71. Kg5
Qg8+ 72. Kxf5 Qf8+ 73. Kg6 Qe8+ 74. Kg5 1/2-1/2

[Event "Geller Memorial"]
[Site "Moscow"]
[Date "1999.02.08"]
[Round "7.35"]
[White "Goletiani, Rusudan"]
[Black "Maljutin, Evgeni"]
[Result "0-1"]
[WhiteElo "2310"]
[BlackElo "2440"]
[PlyCount "58"]
[EventDate "1999.02.02"]

1. Nf3 d5 2. b3 c6 3. Bb2 Bf5 4. g3 h6 5. Bg2 e6 6. O-O Nf6 7. d3 Bc5 8. Nbd2
O-O 9. Ne5 Nbd7 10. Nxd7 Nxd7 11. e4 Bh7 12. Qe2 a5 13. a3 Qb6 14. exd5 cxd5
15. Qg4 Bg6 16. Bxd5 h5 17. Qa4 exd5 18. Qxd7 Rad8 19. Qa4 Rfe8 20. Bc3 Ra8 21.
Qf4 Rac8 22. Qa4 Re2 23. d4 Bf8 24. Bxa5 Qa6 25. Qd7 Qxa5 26. Qxc8 Qxd2 27.
Qxb7 Be4 28. Rad1 Qc3 29. Rd3 Qxc2 0-1

[Event "Geller Memorial"]
[Site "Moscow"]
[Date "1999.02.08"]
[Round "7.36"]
[White "Mitenkov, Alexey"]
[Black "Pokrovski, Pavel"]
[Result "1/2-1/2"]
[WhiteElo "2425"]
[BlackElo "2305"]
[PlyCount "41"]
[EventDate "1999.02.02"]

1. d4 d5 2. c4 e6 3. Nc3 Nf6 4. cxd5 exd5 5. Bg5 Be7 6. e3 c6 7. Qc2 O-O 8. Bd3
Nbd7 9. Nf3 Re8 10. O-O Nf8 11. Rae1 g6 12. Ne5 Ne6 13. f4 Ng7 14. Qf2 Bf5 15.
Bxf6 Bxf6 16. e4 dxe4 17. Nxe4 Bxe4 18. Bxe4 Qb6 19. d5 Qxf2+ 20. Kxf2 Bxe5 21.
fxe5 1/2-1/2

[Event "Geller Memorial"]
[Site "Moscow"]
[Date "1999.02.08"]
[Round "7.37"]
[White "Laptev, Dmitri"]
[Black "Skatchkov, Pavel"]
[Result "1/2-1/2"]
[WhiteElo "2280"]
[BlackElo "2420"]
[PlyCount "61"]
[EventDate "1999.02.02"]

1. e4 e5 2. Nf3 Nf6 3. Nxe5 d6 4. Nf3 Nxe4 5. Qe2 Qe7 6. d3 Nf6 7. Bg5 Qxe2+ 8.
Bxe2 Be7 9. Nc3 c6 10. O-O Na6 11. Rfe1 Nc7 12. Ne4 Nxe4 13. Bxe7 Kxe7 14. dxe4
Be6 15. c3 a5 16. Nd4 a4 17. f4 f6 18. b4 a3 19. Rad1 Rhd8 20. Rd2 g6 21. g3
Bf7 22. Bf3 c5 23. e5 fxe5 24. fxe5 dxe5 25. Rxe5+ Ne6 26. bxc5 Kf6 27. Rde2
Nxd4 28. cxd4 Rxd4 29. Bxb7 Ra5 30. R5e3 Rd1+ 31. Kf2 1/2-1/2

[Event "Geller Memorial"]
[Site "Moscow"]
[Date "1999.02.08"]
[Round "7.43"]
[White "Losev, Dmitry"]
[Black "Vlassov, Nikolai"]
[Result "1-0"]
[WhiteElo "2345"]
[BlackElo "2454"]
[PlyCount "67"]
[EventDate "1999.02.02"]

1. e4 Nc6 2. Nf3 d5 3. exd5 Qxd5 4. Nc3 Qa5 5. d4 Bg4 6. Bb5 O-O-O 7. Bxc6 bxc6
8. h3 Qh5 9. Qd3 Bxf3 10. gxf3 e6 11. Bd2 Ne7 12. O-O-O Nf5 13. Ne4 Rxd4 14.
Qa6+ Kd7 15. Be3 Rxd1+ 16. Rxd1+ Bd6 17. c4 Ke7 18. Qxa7 Rc8 19. Qb7 Nxe3 20.
fxe3 Qxf3 21. Nxd6 Rf8 22. Qxc7+ Kf6 23. Qb6 e5 24. e4 g6 25. Qxc6 Kg7 26. Qd5
Qxh3 27. Qxe5+ Kg8 28. Ne8 Qh6+ 29. Kb1 f5 30. Nf6+ Kh8 31. Nd7+ Kg8 32. Nxf8
Qh5 33. Qe6+ Kxf8 34. Qf6+ 1-0

[Event "Geller Memorial"]
[Site "Moscow"]
[Date "1999.02.08"]
[Round "7.48"]
[White "Iliushkin, Evgen"]
[Black "Grigoriants, Sergey"]
[Result "0-1"]
[WhiteElo "2405"]
[BlackElo "2313"]
[PlyCount "146"]
[EventDate "1999.02.02"]

1. d4 c5 2. d5 e5 3. e4 d6 4. c4 Be7 5. Nf3 Nf6 6. Nc3 O-O 7. Be2 Ne8 8. h3 g6
9. Bh6 Ng7 10. Qd2 f5 11. exf5 gxf5 12. g4 e4 13. Nh2 Rf6 14. Bg5 Rg6 15. Bxe7
Qxe7 16. O-O-O a6 17. Rhg1 Qh4 18. gxf5 Bxf5 19. Bg4 Nd7 20. Bxf5 Nxf5 21.
Rxg6+ hxg6 22. Ng4 Re8 23. Qf4 e3 24. fxe3 Rxe3 25. Ne4 Ne5 26. Nxd6 Nd3+ 27.
Rxd3 Rxd3 28. Kc2 Qg3 29. Qxg3 Rxg3 30. Nxf5 gxf5 31. Nh6+ Kf8 32. Nxf5 Rxh3
33. Nd6 b6 34. Ne4 Ke7 35. a3 Re3 36. Nc3 Kd6 37. Kd2 Rh3 38. b4 Ke5 39. Na4
Rxa3 40. Nxb6 cxb4 41. c5 Rh3 42. d6 Ke6 43. d7 Ke7 44. c6 Kd8 45. Nc4 Rh5 46.
Kc2 Rc5 47. Kb3 Rxc6 48. Kxb4 Re6 49. Kc5 Kxd7 50. Nb6+ Kc7 51. Nc4 Rh6 52. Kb4
Rh4 53. Kc5 Rh5+ 54. Kb4 Rb5+ 55. Ka4 Kc6 56. Na5+ Kb6 57. Nc4+ Kc5 58. Ne5 a5
59. Nd3+ Kb6 60. Nc1 Rb4+ 61. Ka3 Kb5 62. Na2 Re4 63. Kb3 a4+ 64. Kb2 Rd4 65.
Nc3+ Kb4 66. Na2+ Kc4 67. Ka3 Rd2 68. Nb4 Kb5 69. Na2 Rd3+ 70. Kb2 Kc4 71. Nc1
Rd2+ 72. Ka3 Rc2 73. Na2 Kb5 0-1

[Event "Geller Memorial"]
[Site "Moscow"]
[Date "1999.02.08"]
[Round "7.51"]
[White "Vdovin, Dmitry"]
[Black "Lopushnoy, Denis"]
[Result "1/2-1/2"]
[WhiteElo "2292"]
[BlackElo "2399"]
[PlyCount "34"]
[EventDate "1999.02.02"]

1. e4 c5 2. c3 Nf6 3. e5 Nd5 4. d4 cxd4 5. Qxd4 e6 6. Nf3 Nc6 7. Qe4 f5 8. exf6
Nxf6 9. Qh4 Be7 10. Bd3 O-O 11. Bg5 h6 12. Bxh6 gxh6 13. Qg3+ Kh8 14. Qg6 Bd6
15. Qxh6+ Kg8 16. Qg6+ Kh8 17. Qh6+ Kg8 1/2-1/2

[Event "Geller Memorial"]
[Site "Moscow"]
[Date "1999.02.08"]
[Round "7.52"]
[White "Bogaudinov, Rushan"]
[Black "Feoktistov, Alexey A."]
[Result "0-1"]
[WhiteElo "2289"]
[BlackElo "2390"]
[PlyCount "67"]
[EventDate "1999.02.02"]

1. e4 e5 2. Nf3 Nc6 3. d4 exd4 4. Bc4 Bb4+ 5. c3 dxc3 6. O-O d6 7. a3 Bc5 8. b4
Bb6 9. Nxc3 Bg4 10. Qb3 Qd7 11. Nd5 Bxf3 12. Nxb6 axb6 13. Qxf3 Ne5 14. Qe2
Nxc4 15. Qxc4 Ne7 16. Bb2 O-O 17. Rac1 Rac8 18. Qd4 f6 19. Qc4+ Kh8 20. Rfd1
Ng6 21. f3 Nf4 22. Bd4 b5 23. Qf1 Ra8 24. Rc3 Ra6 25. Be3 Ng6 26. Rd5 c6 27.
Rd1 Ne5 28. Bc5 Nc4 29. Rcd3 Rfa8 30. Qf2 Rxa3 31. Rxa3 Rxa3 32. f4 Qg4 33. Qf1
Ra2 34. h3 0-1

[Event "Geller Memorial"]
[Site "Moscow"]
[Date "1999.02.08"]
[Round "7.69"]
[White "Shipunov, Vladimir"]
[Black "Drozdovskiy, Yuri"]
[Result "1/2-1/2"]
[WhiteElo "2234"]
[BlackElo "2312"]
[PlyCount "56"]
[EventDate "1999.02.02"]

1. e4 e6 2. d4 d5 3. e5 c5 4. c3 Nc6 5. Be3 Nge7 6. Nf3 Nf5 7. Bd3 cxd4 8. cxd4
Be7 9. O-O O-O 10. Nc3 Nxe3 11. fxe3 f5 12. exf6 Bxf6 13. Qc2 h6 14. a3 Bd7 15.
Rf2 Rc8 16. Raf1 Qe7 17. Qe2 g5 18. Kh1 Qg7 19. Bb1 Be7 20. Qd3 g4 21. Nd2 Rxf2
22. Rxf2 Rf8 23. Rxf8+ Kxf8 24. Kg1 Bd6 25. g3 Qf6 26. Qh7 Qg7 27. Qd3 Qf6 28.
Qh7 Qg7 1/2-1/2

[Event "Geller Memorial"]
[Site "Moscow"]
[Date "1999.02.08"]
[Round "7.73"]
[White "Tuturin, Sergey"]
[Black "Nikitin, Andrey"]
[Result "1/2-1/2"]
[WhiteElo "2248"]
[BlackElo "2418"]
[PlyCount "53"]
[EventDate "1999.02.02"]

1. g4 d5 2. Bg2 c6 3. h3 e5 4. d4 e4 5. c4 Bd6 6. Nc3 Ne7 7. Qb3 h6 8. Bd2 Bc7
9. O-O-O O-O 10. g5 hxg5 11. Bxg5 dxc4 12. Qc2 f6 13. Be3 Nd5 14. Nxe4 Be6 15.
Nc5 Bf7 16. Qe4 Re8 17. Qh4 b6 18. Ne4 Qe7 19. Bd2 Na6 20. Nc3 Nab4 21. Bxd5
Nxd5 22. Nf3 Nxc3 23. bxc3 Qxe2 24. Rdg1 Qxf3 25. Rxg7+ Kf8 26. Qh6 Bf4 27.
Bxf4 1/2-1/2

[Event "Geller Memorial"]
[Site "Moscow"]
[Date "1999.02.09"]
[Round "8.5"]
[White "Kholmov, Ratmir D"]
[Black "Kharitonov, Andrei Y"]
[Result "1/2-1/2"]
[WhiteElo "2458"]
[BlackElo "2562"]
[PlyCount "112"]
[EventDate "1999.02.02"]

1. e4 c5 2. Nf3 e6 3. d4 cxd4 4. Nxd4 Nf6 5. Nc3 d6 6. g3 Nc6 7. Bg2 Bd7 8. O-O
Be7 9. Ndb5 Qb8 10. Bf4 Ne5 11. a4 a6 12. Nd4 O-O 13. Qe2 Qc7 14. Rfd1 Rac8 15.
h3 Rfd8 16. Kh2 Be8 17. Be3 Nc4 18. Bc1 Nb6 19. f4 g6 20. Rd3 Nbd7 21. Be3 Nc5
22. Rdd1 Bf8 23. a5 Bg7 24. Ra3 Ncd7 25. f5 Nf8 26. fxe6 fxe6 27. Rf1 Rd7 28.
Nf3 Re7 29. Bb6 Qb8 30. Qd3 N8d7 31. Bd4 Bf7 32. Rd1 e5 33. Bg1 d5 34. Ng5 d4
35. Nxf7 Rxf7 36. Nd5 Nc5 37. Qe2 Qd6 38. c3 Nxd5 39. exd5 Re7 40. Qg4 Rce8 41.
cxd4 exd4 42. Bxd4 Ne4 43. Bxg7 Kxg7 44. Rf3 h5 45. Qf4 Qxf4 46. Rxf4 Nd6 47.
Bf3 Re3 48. h4 Rc8 49. Rd2 Rc4 50. Rxc4 Nxc4 51. Rc2 Rxf3 52. Rxc4 Rf2+ 53. Kh3
Rxb2 54. d6 Rd2 55. Rc7+ Kf6 56. d7 Ke6 1/2-1/2

[Event "Geller Memorial"]
[Site "Moscow"]
[Date "1999.02.09"]
[Round "8.7"]
[White "Polovodin, Igor A"]
[Black "Poluljahov, Aleksandr"]
[Result "1/2-1/2"]
[WhiteElo "2468"]
[BlackElo "2566"]
[PlyCount "44"]
[EventDate "1999.02.02"]

1. d4 Nf6 2. Nf3 e6 3. c4 c5 4. g3 cxd4 5. Nxd4 Qb6 6. Bg2 Bc5 7. e3 Nc6 8. Ne2
Ne5 9. b3 d5 10. cxd5 Bb4+ 11. Nbc3 Nxd5 12. Bd2 Nd3+ 13. Kf1 O-O 14. Nxd5 exd5
15. Bxb4 Nxb4 16. Nd4 Nc6 17. h3 Be6 18. Bf3 Rac8 19. Kg2 Nxd4 20. exd4 Rc3 21.
Re1 Rfc8 22. Bg4 Rc2 1/2-1/2

[Event "Geller Memorial"]
[Site "Moscow"]
[Date "1999.02.09"]
[Round "8.9"]
[White "Vokarev, Sergey"]
[Black "Lastin, Alexander"]
[Result "1-0"]
[WhiteElo "2462"]
[BlackElo "2558"]
[PlyCount "79"]
[EventDate "1999.02.02"]

1. e4 c5 2. Nf3 Nc6 3. d4 cxd4 4. Nxd4 Nf6 5. Nc3 d6 6. f3 e6 7. Be3 Be7 8. Qd2
O-O 9. O-O-O a6 10. g4 Nxd4 11. Bxd4 b5 12. Kb1 Bb7 13. h4 Nd7 14. a3 Rc8 15.
g5 Ne5 16. Qe3 Nc4 17. Bxc4 Rxc4 18. Rhg1 b4 19. axb4 Rxb4 20. Bc5 Rc4 21. Ba3
Qc7 22. Rd3 Ba8 23. h5 Rb8 24. Rgd1 Rc6 25. f4 Qa5 26. Qa7 Rcc8 27. Qxe7 Qxa3
28. b3 Rxb3+ 29. cxb3 Qxb3+ 30. Ka1 Rb8 31. R1d2 Bxe4 32. Qxd6 Bxd3 33. Qxd3
Qb6 34. Qd4 Qc7 35. h6 gxh6 36. gxh6 Kf8 37. f5 Qg3 38. Qh8+ Qg8 39. Qf6 Qg1+
40. Ka2 1-0

[Event "Geller Memorial"]
[Site "Moscow"]
[Date "1999.02.09"]
[Round "8.10"]
[White "Landa, Konstantin"]
[Black "Korotylev, Alexey"]
[Result "0-1"]
[WhiteElo "2542"]
[BlackElo "2440"]
[PlyCount "66"]
[EventDate "1999.02.02"]

1. e4 d6 2. d4 g6 3. c3 Bg7 4. f4 Nf6 5. Bd3 O-O 6. Nf3 c5 7. dxc5 Nbd7 8. Qe2
Nxc5 9. Bc2 b6 10. O-O Ba6 11. c4 d5 12. exd5 Nxd5 13. Rd1 e6 14. Ne5 Qc7 15.
Na3 Nb4 16. Bd2 Nxc2 17. Nxc2 Rad8 18. Bb4 g5 19. Nd4 gxf4 20. Ndc6 Rxd1+ 21.
Rxd1 Bxc4 22. Qxc4 Bxe5 23. Nxe5 Qxe5 24. Re1 Qf5 25. Qd4 h6 26. Re5 Qb1+ 27.
Re1 Qf5 28. Re5 Qf6 29. h4 Rd8 30. Bxc5 bxc5 31. Qc3 Rd1+ 32. Kf2 Qxh4+ 33. Ke2
Qh1 0-1

[Event "Geller Memorial"]
[Site "Moscow"]
[Date "1999.02.09"]
[Round "8.11"]
[White "Kiselev, Sergey"]
[Black "Belozerov, Andrei"]
[Result "0-1"]
[WhiteElo "2500"]
[BlackElo "2437"]
[PlyCount "58"]
[EventDate "1999.02.02"]

1. d4 Nf6 2. Nf3 e6 3. e3 b6 4. Bd3 Bb7 5. O-O Be7 6. c4 O-O 7. Nc3 d5 8. b3 c5
9. Bb2 cxd4 10. exd4 Nc6 11. Qe2 Rc8 12. Rac1 Re8 13. Rfd1 Bd6 14. Nb5 Bf4 15.
Ra1 a6 16. Na3 Nb4 17. Bb1 dxc4 18. bxc4 b5 19. cxb5 Qd5 20. bxa6 Bxa6 21. Qe1
Qh5 22. h3 Bb7 23. Ne5 Red8 24. Nd3 Bd6 25. Nxb4 Bxb4 26. Qf1 Bc3 27. Bxc3 Rxc3
28. Nb5 Rxh3 29. gxh3 Qg5+ 0-1

[Event "Geller Memorial"]
[Site "Moscow"]
[Date "1999.02.09"]
[Round "8.12"]
[White "Iljushin, Alexei"]
[Black "Ulko, Jaroslav"]
[Result "1-0"]
[WhiteElo "2484"]
[BlackElo "2397"]
[PlyCount "59"]
[EventDate "1999.02.02"]

1. d4 Nf6 2. c4 g6 3. Nc3 Bg7 4. Nf3 O-O 5. Bf4 c5 6. d5 d6 7. e4 Qa5 8. Bd3
Bg4 9. O-O Nfd7 10. Bd2 Ne5 11. Ne2 Qc7 12. Nxe5 Bxe2 13. Qxe2 Bxe5 14. Bh6 Bg7
15. Bxg7 Kxg7 16. f4 Nd7 17. Rae1 e5 18. dxe6 fxe6 19. h4 Rae8 20. h5 Qd8 21.
hxg6 hxg6 22. e5 dxe5 23. Bxg6 Re7 24. Bc2 Rxf4 25. Rxf4 exf4 26. Qg4+ Kf7 27.
Qh5+ Kg8 28. Qg5+ Kf7 29. Bg6+ Kf8 30. Rxe6 1-0

[Event "Geller Memorial"]
[Site "Moscow"]
[Date "1999.02.09"]
[Round "8.13"]
[White "Sherbakov, Ruslan"]
[Black "Gavritenkov, Sergei"]
[Result "1-0"]
[WhiteElo "2559"]
[BlackElo "2312"]
[PlyCount "59"]
[EventDate "1999.02.02"]

1. d4 f5 2. c4 Nf6 3. Nc3 e6 4. Qc2 Nc6 5. Nf3 Be7 6. a3 d5 7. e3 O-O 8. Bd3 g6
9. O-O Kg7 10. b4 Bd7 11. Bb2 Rc8 12. Rad1 Be8 13. Ne2 Ne4 14. Nf4 Rf6 15.
Nxe6+ Rxe6 16. cxd5 Nxb4 17. axb4 Rb6 18. Bxe4 fxe4 19. Qxe4 Bxb4 20. d6 Bxd6
21. Ba1 Be7 22. d5+ Bf6 23. Ng5 Kg8 24. h4 Qe7 25. Bxf6 Qxf6 26. Rc1 Bb5 27.
Rfd1 Bd7 28. d6 Rb2 29. dxc7 Qxf2+ 30. Kh2 1-0

[Event "Geller Memorial"]
[Site "Moscow"]
[Date "1999.02.09"]
[Round "8.14"]
[White "Maljutin, Evgeni"]
[Black "Volkov, Sergey"]
[Result "0-1"]
[WhiteElo "2440"]
[BlackElo "2587"]
[PlyCount "72"]
[EventDate "1999.02.02"]

1. c4 Nf6 2. Nc3 c6 3. e4 e5 4. Nf3 Qa5 5. Be2 Bb4 6. d3 d5 7. Bd2 d4 8. Nb1
O-O 9. O-O Bxd2 10. Nbxd2 Nbd7 11. g3 Qd8 12. Nh4 a5 13. Qe1 Nc5 14. f4 Bh3 15.
Rf2 Ng4 16. Bxg4 Bxg4 17. Qf1 exf4 18. Rxf4 Be6 19. Nf5 g6 20. Qh3 f6 21. Qh6
Qd7 22. Nf3 Nxd3 23. Rg4 Bxf5 24. exf5 Qxf5 25. Rxd4 Qxf3 26. Rf1 Qe2 27. Rd7
Rf7 28. Rxf7 Kxf7 29. Qxh7+ Ke6 30. Qxg6 Qe3+ 31. Kg2 Qd4 32. Qf5+ Ke7 33. Qh7+
Kd6 34. Qg6 Kc5 35. Rxf6 Qxb2+ 36. Kh3 Rh8+ 0-1

[Event "Geller Memorial"]
[Site "Moscow"]
[Date "1999.02.09"]
[Round "8.17"]
[White "Moiseenko, Alexander"]
[Black "Ovetchkin, Roman"]
[Result "1/2-1/2"]
[WhiteElo "2419"]
[BlackElo "2511"]
[PlyCount "105"]
[EventDate "1999.02.02"]

1. d4 Nf6 2. c4 g6 3. Nc3 Bg7 4. e4 d6 5. f3 O-O 6. Be3 c5 7. Nge2 Nc6 8. d5
Ne5 9. Ng3 e6 10. Be2 exd5 11. cxd5 h5 12. O-O a6 13. Qd2 b5 14. Bh6 h4 15. Nh1
Nh7 16. Bxg7 Kxg7 17. f4 Nd7 18. Nf2 g5 19. Ng4 b4 20. Nd1 Ndf6 21. Ndf2 Re8
22. Nxf6 Qxf6 23. f5 Bd7 24. Rad1 Qe5 25. Rfe1 Bb5 26. Bf3 a5 27. Ng4 Qf4 28.
Qxf4 gxf4 29. e5 dxe5 30. d6 e4 31. Rxe4 Rxe4 32. Bxe4 Re8 33. Bb7 Bd7 34. Rd5
c4 35. Kf2 Nf6 36. Nxf6 Kxf6 37. Rc5 Bxf5 38. Rxc4 Rd8 39. Rxf4 Ke5 40. Rxh4
Rxd6 41. Ke2 Bb1 42. a3 Rb6 43. Bf3 bxa3 44. bxa3 Rb2+ 45. Kd1 Ra2 46. Kc1 Bd3
47. Ra4 f5 48. Rxa5+ Kd4 49. Kd1 Ke3 50. Re5+ Be4 51. Bxe4 fxe4 52. Rg5 Kd3 53.
Rd5+ 1/2-1/2

[Event "Geller Memorial"]
[Site "Moscow"]
[Date "1999.02.09"]
[Round "8.18"]
[White "Prokopchuk, Evgeny"]
[Black "Daschian, Nikolai V."]
[Result "1/2-1/2"]
[WhiteElo "2489"]
[BlackElo "2435"]
[PlyCount "78"]
[EventDate "1999.02.02"]

1. Nf3 Nf6 2. d4 d5 3. c4 e6 4. g3 dxc4 5. Bg2 Nc6 6. O-O Rb8 7. a4 a6 8. Na3
Bxa3 9. Rxa3 b5 10. axb5 axb5 11. Ne5 Nxe5 12. dxe5 Nd5 13. Qd4 O-O 14. Qc5 Qe7
15. Be3 Qxc5 16. Bxc5 Rd8 17. Rd1 Bb7 18. Ra7 Ba8 19. Rd4 h6 20. f4 Nb6 21.
Rxd8+ Rxd8 22. Bxa8 Nxa8 23. Ra5 Rb8 24. Kf2 b4 25. Bxb4 Rxb4 26. Rxa8+ Kh7 27.
Ra7 g5 28. Rxc7 Kg6 29. h3 gxf4 30. gxf4 Rxb2 31. Rxc4 Rb3 32. e3 Rb2+ 33. Kg3
Re2 34. Rc3 Kg7 35. Kf3 Rh2 36. Kg4 Rg2+ 37. Kh4 Re2 38. Kh5 Re1 39. h4 Re2
1/2-1/2

[Event "Geller Memorial"]
[Site "Moscow"]
[Date "1999.02.09"]
[Round "8.20"]
[White "Yuferov, Sergey  N"]
[Black "Kuporosov, Viktor"]
[Result "1/2-1/2"]
[WhiteElo "2415"]
[BlackElo "2485"]
[PlyCount "81"]
[EventDate "1999.02.02"]

1. d4 Nf6 2. c4 c6 3. Nc3 d5 4. e3 g6 5. Bd3 Bg7 6. Nge2 O-O 7. O-O dxc4 8.
Bxc4 Nbd7 9. e4 e5 10. d5 b5 11. Bb3 Bb7 12. dxc6 Bxc6 13. Qd6 Rc8 14. Rd1 Re8
15. Bg5 h6 16. Bh4 Qb6 17. Rac1 g5 18. Bg3 Nc5 19. Nd5 Bxd5 20. Qxb6 axb6 21.
exd5 Nxb3 22. axb3 Rxc1 23. Nxc1 Rd8 24. Bxe5 Rxd5 25. Rxd5 Nxd5 26. Nd3 Bxe5
27. Nxe5 f6 28. Nc6 Kf7 29. Kf1 h5 30. g3 Nc7 31. Nd4 Kg6 32. Ke2 f5 33. Kd3
Kf6 34. f4 gxf4 35. gxf4 Nd5 36. Ne2 h4 37. Kd4 Ke6 38. Kd3 Kd6 39. Kd4 Ke6 40.
Kd3 Kd6 41. Kd4 1/2-1/2

[Event "Geller Memorial"]
[Site "Moscow"]
[Date "1999.02.09"]
[Round "8.22"]
[White "Gelman, Alexander"]
[Black "Saulin, Dmitri"]
[Result "1/2-1/2"]
[WhiteElo "2460"]
[BlackElo "2427"]
[PlyCount "46"]
[EventDate "1999.02.02"]

1. g3 d5 2. Bg2 c6 3. Nf3 Bg4 4. O-O Nd7 5. c4 e6 6. b3 Ngf6 7. Bb2 Bd6 8. d3
O-O 9. Na3 Qe7 10. Nc2 Rfd8 11. Ne3 Bxf3 12. Bxf3 Ba3 13. Qc1 Bxb2 14. Qxb2 Nf8
15. b4 d4 16. Nc2 e5 17. Rfe1 Ne6 18. e3 Qc7 19. Bg2 dxe3 20. Rxe3 Ng4 21. Re4
Nf6 22. Re3 Ng4 23. Re4 Nf6 1/2-1/2

[Event "Geller Memorial"]
[Site "Moscow"]
[Date "1999.02.09"]
[Round "8.23"]
[White "Solovjov, Sergey"]
[Black "Virovlansky, Semen"]
[Result "1-0"]
[WhiteElo "2447"]
[BlackElo "2410"]
[PlyCount "107"]
[EventDate "1999.02.02"]

1. e4 e5 2. Nf3 Nc6 3. Nc3 Nf6 4. g3 Bc5 5. Bg2 d6 6. d3 a6 7. O-O O-O 8. Be3
Bg4 9. h3 Bxe3 10. fxe3 Be6 11. Nh4 g6 12. d4 Bd7 13. Kh2 Ne8 14. Qd2 Qg5 15.
Rad1 Rd8 16. Rf2 Kg7 17. Rdf1 Bc8 18. Qd3 f6 19. Nd5 Rd7 20. a4 Rdf7 21. b4 Ne7
22. Nxe7 Rxe7 23. c4 Ref7 24. Qc3 Bd7 25. b5 axb5 26. cxb5 b6 27. Nf3 Qh5 28.
Qb2 Kg8 29. Ne1 Ng7 30. Nd3 Qh6 31. Nb4 Be6 32. Qc1 g5 33. Rc2 Bxh3 34. Rxc7 g4
35. Rxf7 Bxg2+ 36. Kxg2 Qh3+ 37. Kf2 Qh2+ 38. Ke1 Qxg3+ 39. Ke2 Rxf7 40. Nd5
Nh5 41. Kd3 Qh4 42. Rh1 Qg5 43. Qc8+ Kg7 44. Qf5 Qxf5 45. exf5 Kh6 46. Nxb6 Kg5
47. Nc8 e4+ 48. Kd2 Ng3 49. Rb1 h5 50. b6 h4 51. Nxd6 Rf8 52. b7 Rb8 53. a5 h3
54. a6 1-0

[Event "Geller Memorial"]
[Site "Moscow"]
[Date "1999.02.09"]
[Round "8.25"]
[White "Nureev, Garun"]
[Black "Yemelin, Vasily"]
[Result "1-0"]
[WhiteElo "2380"]
[BlackElo "2550"]
[PlyCount "81"]
[EventDate "1999.02.02"]

1. c4 c5 2. Nc3 Nc6 3. g3 g6 4. Bg2 Bg7 5. Nf3 e6 6. O-O Nge7 7. e3 O-O 8. d4
d6 9. d5 Na5 10. Qd3 a6 11. Rb1 b5 12. b3 exd5 13. cxd5 Bd7 14. Nd2 b4 15. Nd1
Bb5 16. Nc4 Nc8 17. Bb2 Bh6 18. f4 Nb6 19. Rc1 Bxc4 20. bxc4 Na4 21. Ba1 Rb8
22. Rb1 Bg7 23. Bxg7 Kxg7 24. f5 Nb6 25. f6+ Kh8 26. Qe4 Naxc4 27. Qh4 Rg8 28.
Be4 Nd2 29. Rf4 Qf8 30. Nf2 Nxb1 31. Nh3 h6 32. Ng5 Rb7 33. Qh3 h5 34. Rh4 Qh6
35. Qg4 Nd2 36. Qf4 Qf8 37. g4 Nxe4 38. gxh5 Qh6 39. Nxf7+ Rxf7 40. Qxh6+ Rh7
41. hxg6 1-0

[Event "Geller Memorial"]
[Site "Moscow"]
[Date "1999.02.09"]
[Round "8.28"]
[White "Riazantsev, Alexander"]
[Black "Beshukov, Sergei"]
[Result "1/2-1/2"]
[WhiteElo "2387"]
[BlackElo "2511"]
[PlyCount "61"]
[EventDate "1999.02.02"]

1. d4 d5 2. c4 e6 3. Nc3 c6 4. cxd5 exd5 5. Bf4 Bd6 6. Bxd6 Qxd6 7. e3 Bf5 8.
Bd3 Ne7 9. Nge2 Bxd3 10. Qxd3 O-O 11. O-O Nd7 12. Rac1 Nb6 13. Qc2 Ng6 14. Na4
Nxa4 15. Qxa4 f5 16. g3 Rf6 17. Rc3 Nf8 18. Nf4 Nd7 19. Nd3 Re6 20. Qb3 Rb8 21.
Qa3 Qxa3 22. Rxa3 a6 23. Rb3 Kf8 24. Rc1 Ke7 25. h4 Kd6 26. Kg2 Ree8 27. Nc5
Nxc5 28. Rxc5 g6 29. Rc1 a5 30. Kf3 a4 31. Rbc3 1/2-1/2